000 00800nam a2200253 i 4500
001 67607
003 ES-MaACL
005 20230906170119.0
007 t|
008 040607s2003 sp ||||0| spa d
020 _a84-450-7353-2
040 _aM-BN
_bspa
_cM-BN
080 _a821.111 Tolkien, J. R. R. 1.07
100 1 _aShippey, T. A.
_9106135
245 1 0 _aJ.R.R. Tolkien
_b: autor del siglo /
_cT.A. Shippey ; [traducción de Estela Gutiérrez].
250 _a1ª ed.
260 _aBarcelona :
_bMinotauro,
_c2003.
300 _a372 p. ;
_c23 cm.
504 _aBibliografía: p. [355]-361. Indice.
600 1 4 _aTolkien, J. R. R.-
_xCrítica e interpretación.
_9110466
700 1 _aGutiérrez Torres, Estela.
_961230
852 _aES-MaACL
_jL-27794
_bR.133395
999 _c67607
_d67607